Catalog

Record Details

Catalog Search



Studies in theology /  by Loraine Boettner Cover Image Book Book

Studies in theology /  by Loraine Boettner

Boettner, Loraine (Author).

Record details

  • Physical Description: 351 s.
  • Edition: 11th ed.
  • Publisher: Washington, D.C. :  Presbyterian and Reformed Publishing Company ,  1973

Available copies

  • 1 of 1 copy available at Common Catalog SPOK.

Holds

  • 0 current holds with 1 total copy.
Show Only Available Copies
Location Call Number / Copy Notes Barcode Shelving Location Status Due Date
ETS Library 230.044 424470009915 Volný výběr Available -

LDR 00647nam a2 00241
00136993
003CZ-PrJAB
00520201023183648.0
008020214s1973 xxu e |||| |eng
009us
035 . ‡a(CONS)8838
035 . ‡aKPS10755
040 . ‡aABG450
041 . ‡aeng
08214. ‡a230
100 . ‡73542 ‡aBoettner, Loraine
245 . ‡aStudies in theology /  ‡nby Loraine Boettner
250 . ‡a11th ed.
260 . ‡aWashington, D.C. :  ‡bPresbyterian and Reformed Publishing Company ,  ‡c1973
300 . ‡a351 s.
653 . ‡aStudies in theology
8524 . ‡bETS ‡bETS ‡cVolný výběr ‡j230.044 ‡gA ‡p424470009915
910 . ‡aABG450
999 . ‡a8838 ‡bAUTOGEN ‡c8838 ‡tbiblio
905 . ‡uadmin
901 . ‡a36993 ‡bCZ-PrJAB ‡c36993 ‡tbiblio ‡sets

Additional Resources